[Event "Rated Blitz game"]
[Site "?"]
[Date "2021.07.23"]
[Round "?"]
[White "ljdr"]
[Black "Maltinho"]
[Result "1-0"]
[WhiteElo "2563"]
[BlackElo "2518"]
[PlyCount "43"]
[EventDate "2021.??.??"]
[EventType "blitz"]

1. e4 e5 2. Nf3 d5 3. exd5 Bd6 4. Nc3 f5 5. Bb5+ c6 6. dxc6 bxc6 7. Bc4 Nf6 8.
O-O e4 9. Ng5 Bxh2+ 10. Kh1 Ng4 11. d3 h6 12. Nh3 Be5 13. f3 exf3 14. Qxf3 Qh4
15. Bf4 Nd7 16. Rae1 Kd8 17. Qxc6 Rb8 18. Bxe5 Ndxe5 19. Qd6+ Nd7 20. Nd5 Rb7
21. Ne7 Re8 22. Nc6# {Normal} 1-0

[Event "Rated Blitz game"]
[Site "?"]
[Date "2021.07.23"]
[Round "?"]
[White "Trash_talk97"]
[Black "Schachelite"]
[Result "0-1"]
[WhiteElo "2396"]
[BlackElo "2436"]
[PlyCount "120"]
[EventDate "2021.??.??"]
[EventType "blitz"]

1. e4 e5 2. Nf3 d5 3. Nxe5 Bd6 4. d4 dxe4 5. Bf4 Nf6 6. Nc3 O-O 7. Bc4 Nbd7 8.
O-O Qe7 9. Nxd7 Bxd7 10. Bxd6 Qxd6 11. Re1 Rae8 12. h3 c6 13. a4 Be6 14. Bxe6
Qxe6 15. Re3 Qf5 16. Qe1 Re6 17. Rd1 Rfe8 18. Rd2 Nd5 19. Nxd5 cxd5 20. Qe2 Qf6
21. c4 dxc4 22. Qxc4 Rc6 23. Qf1 Qf4 24. g3 Qg5 25. h4 Qd5 26. Qb5 Qxb5 27.
axb5 Rb6 28. Rde2 f5 29. f3 Rxb5 30. fxe4 fxe4 31. Rxe4 Rxe4 32. Rxe4 Rxb2 33.
Re7 a5 34. d5 Kf8 35. Rc7 b5 36. d6 Rd2 37. d7 a4 38. Rb7 Ke7 39. Rxb5 Kxd7 40.
Ra5 Ra2 41. Ra7+ Kc6 42. Rxg7 Kb6 43. Rxh7 a3 44. Rh8 Rb2 45. Ra8 a2 46. h5 Kb7
47. Ra3 Rb1+ 48. Kh2 a1=Q 49. Rxa1 Rxa1 50. Kh3 Kc7 51. g4 Kd6 52. Kh4 Ke6 53.
Kg5 Kf7 54. Kh6 Ra6+ 55. Kh7 Kf6 56. Kh6 Ra5 57. Kh7 Kg5 58. h6 Ra6 59. Kg7
Rg6+ 60. Kf7 Rxh6 {Normal} 0-1

[Event "Rated Blitz game"]
[Site "?"]
[Date "2021.07.23"]
[Round "?"]
[White "DefiantChair"]
[Black "GoughPhar"]
[Result "0-1"]
[WhiteElo "2443"]
[BlackElo "2446"]
[PlyCount "134"]
[EventDate "2021.??.??"]
[EventType "blitz"]

1. e4 e5 2. Nf3 d5 3. Nxe5 Bd6 4. d4 dxe4 5. Nc3 Bxe5 6. dxe5 Qxd1+ 7. Kxd1 Bf5
8. Nd5 Na6 9. Bxa6 O-O-O 10. Bc4 c6 11. Bb3 cxd5 12. Ke2 Ne7 13. c3 Ng6 14. h3
h5 15. Be3 Kb8 16. Rhd1 Be6 17. Bd4 Nf4+ 18. Kf1 Nd3 19. Rd2 h4 20. Rad1 Rh5
21. Rb1 Nxe5 22. Bxe5+ Rxe5 23. Rbd1 b5 24. a4 a6 25. axb5 axb5 26. Rd4 Kc7 27.
Rb4 Kc6 28. Ra1 Rb8 29. Ra6+ Rb6 30. Ra7 Rb7 31. Rxb7 Kxb7 32. Rxb5+ Kc6 33.
Ra5 Kb6 34. Ra4 Rf5 35. Rb4+ Kc5 36. Ke2 Kc6 37. Rb8 Rg5 38. Kf1 Rf5 39. Kg1 g5
40. Rg8 Kd6 41. Bd1 Ke5 42. b4 Kf4 43. b5 d4 44. cxd4 Rxb5 45. Bg4 Bxg4 46.
hxg4 Kxg4 47. Rf8 f5 48. Re8 Rd5 49. Re5 Rxd4 50. Kh2 Rd2 51. Kg1 Kf4 52. Ra5
g4 53. Kf1 h3 54. gxh3 gxh3 55. Kg1 Kf3 56. Ra3+ Rd3 57. Ra8 h2+ 58. Kxh2 Kxf2
59. Rf8 Rf3 60. Rg8 e3 61. Rg2+ Ke1 62. Rg7 Rf2+ 63. Kg1 f4 64. Ra7 Ke2 65.
Ra2+ Kf3 66. Rxf2+ exf2+ 67. Kf1 Kg3 {Time forfeit} 0-1

[Event "Rated Blitz game"]
[Site "?"]
[Date "2021.07.23"]
[Round "?"]
[White "marxistpawns"]
[Black "ahoramahora"]
[Result "1/2-1/2"]
[WhiteElo "2467"]
[BlackElo "2348"]
[PlyCount "165"]
[EventDate "2021.??.??"]
[EventType "blitz"]

1. e4 e5 2. Nf3 d5 3. exd5 e4 4. Qe2 Nf6 5. d3 Qxd5 6. Nc3 Bb4 7. Bd2 Bxc3 8.
Bxc3 O-O 9. dxe4 Nxe4 10. Bd4 Nc6 11. Qc4 Be6 12. Qxd5 Bxd5 13. O-O-O Nxd4 14.
Rxd4 Bc6 15. Bc4 Nxf2 16. Re1 Rfe8 17. Rxe8+ Rxe8 18. Ng5 Re1+ 19. Kd2 Rd1+ 20.
Ke3 Rxd4 21. Kxd4 Be8 22. h3 h6 23. Nf3 Nh1 24. g4 Ng3 25. Ke3 h5 26. Kf4 hxg4
27. hxg4 Nh1 28. Ne5 Kf8 29. g5 f6 30. Nf3 Nf2 31. gxf6 gxf6 32. Bd5 c6 33. Bc4
Bg6 34. c3 Kg7 35. Nd4 Ne4 36. Ne6+ Kh6 37. Nd8 Nd6 38. Be6 Kg7 39. c4 c5 40.
a3 Kf8 41. Bd5 b6 42. b4 Ke7 43. Nc6+ Kd7 44. Nxa7 cxb4 45. axb4 Bd3 46. c5
bxc5 47. bxc5 Ne8 48. Nc6 Nc7 49. Bf3 Ne6+ 50. Ke3 Bb5 51. Nd4 Nxd4 52. Kxd4
Ba4 53. c6+ Kd6 54. c7 Bd7 55. Be4 Kxc7 56. Ke3 Kd6 57. Bf3 Ke5 58. Kf2 f5 59.
Be2 Kf4 60. Bf1 Kg5 61. Be2 f4 62. Bc4 Bg4 63. Bd5 Bf5 64. Bf3 Bg4 65. Bg2 Kf5
66. Bf3 Bxf3 67. Kxf3 Kg5 68. Kf2 Kg4 69. Kg2 Kh4 70. Kf3 Kg5 71. Kf2 Kf5 72.
Kf3 Ke5 73. Kf2 Ke4 74. Ke2 f3+ 75. Kf2 Kf4 76. Kf1 Kg3 77. Kg1 Kg4 78. Kf1 Kf5
79. Kf2 Kf4 80. Kf1 Ke3 81. Ke1 Kd4 82. Kf2 Ke4 83. Kf1 {Time forfeit} 1/2-1/2

[Event "Rated Blitz game"]
[Site "?"]
[Date "2021.07.23"]
[Round "?"]
[White "Alliced"]
[Black "Racheengel"]
[Result "0-1"]
[WhiteElo "2509"]
[BlackElo "2476"]
[PlyCount "60"]
[EventDate "2021.??.??"]
[EventType "blitz"]

1. e4 e5 2. Nf3 d5 3. Nxe5 Bd6 4. d4 dxe4 5. Bc4 Bxe5 6. dxe5 Qxd1+ 7. Kxd1 Nc6
8. Nc3 Bg4+ 9. Ke1 Nxe5 10. Bd5 O-O-O 11. h3 Bf5 12. Bf4 Ng6 13. Be3 Nf6 14.
Bxf7 Rhf8 15. Bb3 a6 16. Rd1 h5 17. Ke2 b5 18. a4 b4 19. Na2 a5 20. c3 bxc3 21.
Nxc3 Ne5 22. Rc1 Nd3 23. Rc2 Nb4 24. Rcc1 Nd3 25. Rb1 Nd7 26. Bc4 N7e5 27. Ba6+
Kb8 28. Nb5 Nb4 29. Ba7+ Ka8 30. Rhc1 Nxa6 {Normal} 0-1

[Event "Rated Blitz game"]
[Site "?"]
[Date "2021.07.23"]
[Round "?"]
[White "mlatb"]
[Black "annaly1979"]
[Result "0-1"]
[WhiteElo "2530"]
[BlackElo "2445"]
[PlyCount "42"]
[EventDate "2021.??.??"]
[EventType "blitz"]

1. e4 e5 2. Nf3 d5 3. Nxe5 Qe7 4. d4 f6 5. Nd3 Nc6 6. c3 Bf5 7. Be2 Bxe4 8. O-O
Qf7 9. b4 Bd6 10. a4 a6 11. Bf3 Nge7 12. Re1 f5 13. Na3 O-O 14. Nc2 Rae8 15.
Ra2 Qg6 16. Bf4 Bxd3 17. Bxd6 Bxc2 18. Rxc2 Qxd6 19. a5 Ng6 20. g3 f4 21. Qd2
fxg3 {Normal} 0-1

[Event "Rated Blitz tournament 5j4gfX6R"]
[Site "?"]
[Date "2021.07.23"]
[Round "?"]
[White "Merpati_sakti"]
[Black "Chandra_PW"]
[Result "0-1"]
[WhiteElo "2238"]
[BlackElo "2511"]
[PlyCount "114"]
[EventDate "2021.??.??"]
[EventType "blitz"]

1. e4 e5 2. Nf3 d5 3. Nxe5 dxe4 4. Nc4 Nf6 5. Nc3 Nc6 6. d3 exd3 7. Bxd3 Be6 8.
O-O Nb4 9. Qf3 Nxd3 10. cxd3 c6 11. Qg3 Be7 12. Bf4 Nh5 13. Qf3 Nxf4 14. Qxf4
Qxd3 15. Ne3 O-O 16. Qc7 Qd7 17. Qg3 Bd6 18. Qh4 Qe7 19. Qh5 Bc7 20. Rad1 Rad8
21. Ne4 h6 22. Nf5 Bxf5 23. Qxf5 Qe5 24. Qxe5 Bxe5 25. Nc5 Bd4 26. Nxb7 Rd5 27.
b4 Rb8 28. Na5 Rb6 29. a3 f6 30. g3 Kf7 31. Kg2 Ke6 32. Rd3 Ra6 33. Rfd1 Be5
34. f4 Rxd3 35. Rxd3 Bc7 36. Nc4 Ra4 37. Kf3 c5 38. Nb2 Ra6 39. bxc5 Rc6 40.
Rc3 Kd5 41. Nd3 Kd4 42. Rb3 a5 43. a4 Kc4 44. Ra3 Re6 45. Nf2 Kb4 46. Rd3 Kxc5
47. Rc3+ Kb6 48. Ne4 Bd8 49. Nc5 Rc6 50. Nd7+ Kc7 51. Rxc6+ Kxc6 52. Nf8 Kd5
53. Ke3 Be7 54. Kd3 Bxf8 55. f5 Bb4 56. g4 Ke5 57. h3 Kf4 {Normal} 0-1

[Event "Rated Blitz game"]
[Site "?"]
[Date "2021.07.23"]
[Round "?"]
[White "cyryd"]
[Black "AsianLion"]
[Result "0-1"]
[WhiteElo "2597"]
[BlackElo "2649"]
[PlyCount "78"]
[EventDate "2021.??.??"]
[EventType "blitz"]

1. e4 e5 2. Nf3 d5 3. exd5 Bd6 4. d3 f5 5. Bg5 Nf6 6. c4 h6 7. Bxf6 Qxf6 8. Nc3
O-O 9. Qc2 c6 10. O-O-O Na6 11. dxc6 bxc6 12. d4 e4 13. Ne5 Bxe5 14. dxe5 Qxe5
15. Be2 Nc5 16. Qd2 Re8 17. Qd6 Nd3+ 18. Rxd3 exd3 19. Qxe5 Rxe5 20. Bxd3 Bb7
21. b4 a5 22. a3 axb4 23. axb4 Ra1+ 24. Bb1 c5 25. Kb2 Ra8 26. b5 Rd8 27. f4
Re3 28. Bxf5 Rd2+ 29. Bc2 Rxg2 30. Rd1 Re7 31. Kb3 Rxh2 32. f5 Rh3 33. Kb2 Rh2
34. Kb3 h5 35. Rg1 Kf7 36. b6 h4 37. Rg4 Re3 38. Kb2 Rg3 39. Rf4 Rgg2 {Normal}
0-1

[Event "Rated Blitz game"]
[Site "?"]
[Date "2021.07.23"]
[Round "?"]
[White "Kakorin_123"]
[Black "ahoramahora"]
[Result "1-0"]
[WhiteElo "2506"]
[BlackElo "2342"]
[PlyCount "101"]
[EventDate "2021.??.??"]
[EventType "blitz"]

1. e4 e5 2. Nf3 d5 3. Nxe5 Bd6 4. d4 dxe4 5. Nc4 Nf6 6. Nc3 O-O 7. Bg5 Bf5 8.
Ne3 Bg6 9. Be2 Nc6 10. Ncd5 h6 11. Nxf6+ gxf6 12. Bxh6 Re8 13. c3 f5 14. Nd5
Qh4 15. Qd2 Kh7 16. Bg5 e3 17. Qxe3 Rxe3 18. Bxh4 Re4 19. Nf6+ Kg7 20. Nxe4
fxe4 21. Bg3 Be7 22. h4 Rc8 23. h5 Bf5 24. h6+ Kh7 25. Rh5 Bg6 26. Rb5 b6 27.
Rd5 Nb8 28. Bf4 c6 29. Re5 Bd6 30. g3 Bxe5 31. Bxe5 Nd7 32. Bf4 Nf6 33. a4 Nd5
34. Bd2 Re8 35. c4 e3 36. cxd5 exd2+ 37. Kxd2 cxd5 38. Bf3 Kxh6 39. Rh1+ Kg7
40. Re1 Rd8 41. Re5 f6 42. Rxd5 Rxd5 43. Bxd5 Be8 44. Bb3 Kf8 45. f4 Ke7 46. g4
Kd6 47. g5 fxg5 48. fxg5 Bg6 49. Bc2 Bf7 50. g6 Bg8 51. Kc3 {Normal} 1-0

[Event "Rated Blitz game"]
[Site "?"]
[Date "2021.07.23"]
[Round "?"]
[White "Sjakkerntobi"]
[Black "KinzyabulatovRenat"]
[Result "0-1"]
[WhiteElo "2473"]
[BlackElo "2380"]
[PlyCount "116"]
[EventDate "2021.??.??"]
[EventType "blitz"]

1. e4 e5 2. Nf3 d5 3. exd5 e4 4. Qe2 Nf6 5. d3 Qxd5 6. Nbd2 Nc6 7. dxe4 Qh5 8.
c3 Be6 9. Qb5 Bc5 10. b4 Bb6 11. Qxh5 Nxh5 12. Nc4 O-O 13. a4 Rfe8 14. Nfd2 a5
15. Nxb6 cxb6 16. b5 Ne5 17. g3 Rac8 18. Be2 Nf6 19. f4 Neg4 20. e5 Nd5 21. Ne4
Nge3 22. Bxe3 Nxe3 23. Nd6 Nc2+ 24. Kf2 Nxa1 25. Nxe8 Rxe8 26. Rxa1 Rc8 27. Rc1
Bc4 28. Bf3 Rc7 29. Ke3 Bb3 30. Bd1 Bd5 31. c4 Rxc4 32. Rxc4 Bxc4 33. Kd4 Ba2
34. g4 Kf8 35. f5 Ke7 36. h4 h6 37. g5 hxg5 38. hxg5 f6 39. exf6+ gxf6 40. g6
Bb1 41. Bg4 Bc2 42. Ke3 Bxa4 43. Bf3 Bxb5 44. Bd5 Kf8 45. Kd4 Bc6 46. Be6 Kg7
47. Kc3 b5 48. Kb2 b4 49. Kb3 Be4 50. Kc4 b6 51. Kb3 b5 52. Kb2 a4 53. Ka2 b3+
54. Kb2 b4 55. Ka1 Bc2 56. Kb2 a3+ 57. Ka1 b2+ 58. Ka2 b1=Q# {Normal} 0-1

[Event "Rated Blitz game"]
[Site "?"]
[Date "2021.07.23"]
[Round "?"]
[White "Umumba"]
[Black "ahoramahora"]
[Result "1-0"]
[WhiteElo "2553"]
[BlackElo "2360"]
[PlyCount "91"]
[EventDate "2021.??.??"]
[EventType "blitz"]

1. e4 e5 2. Nf3 d5 3. Nc3 dxe4 4. Nxe4 Nf6 5. Nxf6+ Qxf6 6. Bc4 Nc6 7. h3 Be6
8. Bxe6 Qxe6 9. O-O Bd6 10. Re1 O-O-O 11. d3 Rhe8 12. Be3 f5 13. Bg5 Rd7 14. c3
h6 15. Bd2 e4 16. dxe4 fxe4 17. Nd4 Nxd4 18. cxd4 Qd5 19. Bc3 g5 20. Qh5 Rde7
21. Qxh6 b6 22. Qh5 e3 23. Rxe3 Rxe3 24. fxe3 Rxe3 25. Rf1 Rg3 26. Rf2 Qe4 27.
Qe2 Re3 28. Qa6+ Kd7 29. Qb5+ c6 30. Qxg5 Qb1+ 31. Rf1 Qe4 32. Qf5+ Qxf5 33.
Rxf5 Re2 34. h4 Rc2 35. h5 Bg3 36. Kf1 Rc1+ 37. Ke2 Rh1 38. Kf3 Bd6 39. g4 c5
40. dxc5 Bxc5 41. Rf7+ Ke6 42. Rxa7 b5 43. Ra5 b4 44. Rxc5 bxc3 45. Rxc3 Rh2
46. Rb3 {Normal} 1-0

[Event "Rated Blitz game"]
[Site "?"]
[Date "2021.07.23"]
[Round "?"]
[White "sech001"]
[Black "tactinhos2900"]
[Result "1-0"]
[WhiteElo "2495"]
[BlackElo "2646"]
[PlyCount "63"]
[EventDate "2021.??.??"]
[EventType "blitz"]

1. e4 e5 2. Nf3 d5 3. exd5 e4 4. Qe2 Be7 5. Qxe4 Nf6 6. Qe2 O-O 7. c4 c6 8. d4
cxd5 9. c5 b6 10. cxb6 Bb4+ 11. Nc3 Re8 12. Be3 Qxb6 13. Qc2 Ng4 14. Bd3 Nxe3
15. fxe3 Rxe3+ 16. Kf2 Rxf3+ 17. Kxf3 Qxd4 18. Bxh7+ Kh8 19. Ne2 Qf6+ 20. Nf4
Nc6 21. Rad1 Be6 22. Rhe1 Ne5+ 23. Rxe5 Qxe5 24. a3 Bd6 25. g3 Rc8 26. Qd3 Qxb2
27. Qe3 d4 28. Qe4 Bxf4 29. Qxf4 Rc3+ 30. Bd3 Qb3 31. Qh4+ Kg8 32. Qd8# {Normal
} 1-0

[Event "Rated Blitz game"]
[Site "?"]
[Date "2021.07.23"]
[Round "?"]
[White "drawingchest"]
[Black "AsianLion"]
[Result "0-1"]
[WhiteElo "2712"]
[BlackElo "2654"]
[PlyCount "100"]
[EventDate "2021.??.??"]
[EventType "blitz"]

1. e4 e5 2. Nf3 d5 3. Nxe5 Bd6 4. d4 dxe4 5. Nc4 Nf6 6. Nxd6+ Qxd6 7. Nc3 O-O
8. Nb5 Qe7 9. Bg5 h6 10. Bh4 Qb4+ 11. c3 Qe7 12. Bxf6 gxf6 13. Qh5 Kh7 14.
O-O-O Rg8 15. Qc5 Qxc5 16. dxc5 Na6 17. Bc4 Rxg2 18. Bxf7 Bg4 19. Rdg1 Rxg1+
20. Rxg1 h5 21. h3 Bxh3 22. Bg6+ Kh6 23. Bxe4 Nxc5 24. Nxc7 Rc8 25. Rg6+ Kh7
26. Bc2 f5 27. Rg3 Rxc7 28. Rxh3 Kg6 29. Rg3+ Kf6 30. Rh3 Kg5 31. Rg3+ Kf4 32.
Rh3 Rh7 33. b4 Ne4 34. Bxe4 fxe4 35. Kd2 h4 36. Ke2 Kg4 37. Rh2 h3 38. Ke3 Re7
39. Rh1 Kh4 40. c4 Rf7 41. Rh2 Rf3+ 42. Kxe4 Rf7 43. c5 Kg4 44. a4 Rf4+ 45. Kd5
Rxb4 46. a5 Ra4 47. f3+ Kg3 48. Rb2 h2 49. Rb1 Rxa5 50. f4 Kxf4 {Normal} 0-1

[Event "Rated Blitz game"]
[Site "?"]
[Date "2021.07.23"]
[Round "?"]
[White "MagusPowwow"]
[Black "KamranShirazi"]
[Result "1-0"]
[WhiteElo "2514"]
[BlackElo "2548"]
[PlyCount "61"]
[EventDate "2021.??.??"]
[EventType "blitz"]

1. e4 e5 2. Nf3 d5 3. Nxe5 Bd6 4. d4 dxe4 5. Bc4 Bxe5 6. Qh5 Qe7 7. dxe5 Be6 8.
Bb3 Nc6 9. Nc3 Bxb3 10. axb3 Nd4 11. O-O Nxc2 12. Ra4 g6 13. Qe2 Nb4 14. Qb5+
c6 15. Qxb4 Qxb4 16. Rxb4 O-O-O 17. Nxe4 Rd5 18. Nd6+ Rxd6 19. exd6 Nf6 20. Be3
Nd5 21. Ra4 a6 22. Re4 Kd7 23. Bf4 f5 24. Rd4 Re8 25. Rc1 Re2 26. g3 Nf6 27.
Rd2 Re6 28. f3 Nd5 29. Rxd5 cxd5 30. Rc7+ Kd8 31. Bg5+ {Normal} 1-0

[Event "Rated Blitz tournament KUQl1zZI"]
[Site "?"]
[Date "2021.07.23"]
[Round "?"]
[White "FERDIANSYAH-KBPL"]
[Black "octo_dami"]
[Result "1-0"]
[WhiteElo "2296"]
[BlackElo "2416"]
[PlyCount "69"]
[EventDate "2021.??.??"]
[EventType "blitz"]

1. e4 e5 2. Nf3 d5 3. Nxe5 Bd6 4. d4 dxe4 5. Nc4 Nf6 6. Nxd6+ cxd6 7. Bg5 Qa5+
8. Bd2 Qb6 9. Bc3 O-O 10. Nd2 e3 11. fxe3 Nd5 12. Nc4 Qd8 13. Qf3 Nxc3 14. bxc3
Qc7 15. Bd3 b5 16. Qxa8 bxc4 17. Be4 Re8 18. O-O Be6 19. Qb7 Qd8 20. Bd5 Re7
21. Qb5 Qc8 22. Bxe6 Rxe6 23. Qf5 Qe8 24. Rae1 Nd7 25. Rf3 Nb6 26. Ref1 f6 27.
Qg4 Kh8 28. Rg3 Re7 29. e4 g6 30. Rxf6 Rxe4 31. Rf8+ Qxf8 32. Qxe4 Qh6 33. Qe8+
Kg7 34. Qe7+ Kg8 35. Rf3 {Normal} 1-0

[Event "Rated Blitz game"]
[Site "?"]
[Date "2021.07.23"]
[Round "?"]
[White "GreySharkfanclubbot"]
[Black "GrandeGila"]
[Result "0-1"]
[WhiteElo "2484"]
[BlackElo "2480"]
[PlyCount "92"]
[EventDate "2021.??.??"]
[EventType "blitz"]

1. e4 e5 2. Nf3 d5 3. exd5 e4 4. Ne5 Qxd5 5. Nc4 Bf5 6. Ne3 Qe6 7. Bc4 Qd7 8.
O-O Nc6 9. Nxf5 Qxf5 10. d3 exd3 11. Qxd3 Qxd3 12. Bxd3 O-O-O 13. Nc3 Nge7 14.
Bf4 Nd5 15. Nxd5 Rxd5 16. Rfe1 Bb4 17. Re4 Rhd8 18. a3 Be7 19. Bc4 Rd1+ 20. Re1
Rxa1 21. Rxa1 Bf6 22. c3 Be5 23. Be3 f6 24. Kf1 a6 25. Ke2 Re8 26. g3 Bd6 27.
b4 Ne5 28. Bb3 Ng4 29. Rd1 h6 30. Bc2 Kb8 31. Bf5 Ne5 32. Rd4 g6 33. Bc2 f5 34.
c4 Ng4 35. c5 Be5 36. Rd7 Nxh2 37. a4 Ng4 38. b5 axb5 39. axb5 Kc8 40. Rh7 Bd4
41. c6 bxc6 42. bxc6 Bxe3 43. fxe3 Nxe3 44. Bb3 Ng4+ 45. Kd3 Ne5+ 46. Kc3 Nxc6
{Time forfeit} 0-1

[Event "Rated Rapid game"]
[Site "?"]
[Date "2021.07.23"]
[Round "?"]
[White "Novi_pazar"]
[Black "Baris_AE"]
[Result "1/2-1/2"]
[WhiteElo "2387"]
[BlackElo "2454"]
[PlyCount "121"]
[EventDate "2021.??.??"]
[EventType "rapid"]

1. e4 e5 2. Nf3 d5 3. d4 dxe4 4. Nxe5 Bd6 5. f4 exf3 6. Qxf3 Nf6 7. Bc4 O-O 8.
Bg5 Nbd7 9. Nxd7 Bxd7 10. O-O Bc6 11. Qf2 Be7 12. c3 Ne4 13. Bxe7 Qxe7 14. Qf4
Rae8 15. Na3 Qg5 16. Qxg5 Nxg5 17. Rae1 Rxe1 18. Rxe1 Re8 19. Rxe8+ Bxe8 20.
Bd3 Ne6 21. g3 f6 22. Kf2 Kf7 23. Bc4 Ke7 24. Bxe6 Kxe6 25. c4 c6 26. Nc2 h5
27. h4 g5 28. Ke3 Bg6 29. Ne1 Kf5 30. Kf3 Ke6 31. Ke3 Bb1 32. a3 Kf5 33. Kf3
Be4+ 34. Ke3 Bh1 35. Nd3 Kg4 36. hxg5 fxg5 37. Nf2+ Kxg3 38. Nxh1+ Kg2 39. Nf2
g4 40. Nxg4 hxg4 41. d5 cxd5 42. cxd5 Kh2 43. d6 g3 44. d7 g2 45. d8=Q g1=Q+
46. Ke2 Qg2+ 47. Kd3 Qxb2 48. Qh4+ Kg1 49. Qe1+ Kg2 50. Qe2+ Qxe2+ 51. Kxe2 Kg3
52. Ke3 Kg2 53. a4 Kf1 54. a5 Ke1 55. Kd4 Kd2 56. Kc4 Kc2 57. Kb4 Kb2 58. a6
bxa6 59. Ka5 Ka3 60. Kxa6 Ka4 61. Kxa7 {Normal} 1/2-1/2

[Event "Rated Blitz game"]
[Site "?"]
[Date "2021.07.23"]
[Round "?"]
[White "Ivanka-Ivana"]
[Black "batasjon"]
[Result "1-0"]
[WhiteElo "2529"]
[BlackElo "2387"]
[PlyCount "47"]
[EventDate "2021.??.??"]
[EventType "blitz"]

1. e4 e5 2. Nf3 d5 3. exd5 e4 4. Qe2 Nf6 5. d3 Qxd5 6. Nc3 Bb4 7. Bd2 Bxc3 8.
Bxc3 O-O 9. dxe4 Nxe4 10. Bd4 Nc6 11. O-O-O Bf5 12. Kb1 Rad8 13. Qe3 Rfe8 14.
Be2 Ng3 15. hxg3 Rxe3 16. Bxe3 Bxc2+ 17. Kxc2 Nb4+ 18. Kc3 Nxa2+ 19. Kc2 Nb4+
20. Kc3 Qc6+ 21. Kxb4 a5+ 22. Ka3 Rb8 23. Ne5 Qc2 24. Bd3 {Time forfeit} 1-0

[Event "Rated Blitz game"]
[Site "?"]
[Date "2021.07.23"]
[Round "?"]
[White "Swordoftheword16"]
[Black "GoughPhar"]
[Result "1-0"]
[WhiteElo "2543"]
[BlackElo "2472"]
[PlyCount "27"]
[EventDate "2021.??.??"]
[EventType "blitz"]

1. e4 e5 2. Nf3 d5 3. exd5 e4 4. Qe2 Nf6 5. Nc3 Be7 6. Nxe4 O-O 7. d3 Re8 8.
Bd2 Nxd5 9. O-O-O f5 10. Bc3 fxe4 11. dxe4 Nxc3 12. Qc4+ Nd5 13. Rxd5 b5 14.
Rxd8+ {Normal} 1-0

[Event "Rated Blitz tournament 5j4gfX6R"]
[Site "?"]
[Date "2021.07.23"]
[Round "?"]
[White "Merpati_sakti"]
[Black "Chandra_PW"]
[Result "0-1"]
[WhiteElo "2252"]
[BlackElo "2504"]
[PlyCount "82"]
[EventDate "2021.??.??"]
[EventType "blitz"]

1. e4 e5 2. Nf3 d5 3. Nxe5 dxe4 4. Nc3 Nf6 5. Nc4 Nc6 6. Ne3 Bd6 7. d3 exd3 8.
Bxd3 O-O 9. O-O Ne5 10. h3 Nxd3 11. Qxd3 Be6 12. Ne4 Nxe4 13. Qxe4 Qf6 14. Qxb7
Rab8 15. Qe4 Rfe8 16. Ng4 Qh4 17. Nh6+ Qxh6 18. Bxh6 gxh6 19. Qd4 Rb4 20. Qd2
Rxb2 21. Qxh6 Rxc2 22. Qg5+ Kf8 23. Rac1 Rxa2 24. Ra1 Rxa1 25. Rxa1 Rb8 26. g3
Bxh3 27. Qh5 Be6 28. Qxh7 Ke7 29. Qe4 Bc5 30. Qc6 Bb6 31. Kg2 Rd8 32. Re1 Rd2
33. g4 Rxf2+ 34. Kg3 Rd2 35. Rf1 Rd3+ 36. Kh4 Rd4 37. Re1 Rxg4+ 38. Kh5 Rd4 39.
Qa8 Rd8 40. Qc6 a5 41. Qg2 Rh8+ {Normal} 0-1

[Event "Rated Blitz game"]
[Site "?"]
[Date "2021.07.23"]
[Round "?"]
[White "Player5098"]
[Black "KinzyabulatovRenat"]
[Result "0-1"]
[WhiteElo "2403"]
[BlackElo "2399"]
[PlyCount "90"]
[EventDate "2021.??.??"]
[EventType "blitz"]

1. e4 e5 2. Nf3 d5 3. Nxe5 Bd6 4. d4 dxe4 5. Bf4 Nf6 6. Bc4 O-O 7. O-O Nbd7 8.
Nd2 Qe7 9. Nxd7 Bxd7 10. Bxd6 cxd6 11. Bb3 a5 12. c3 a4 13. Bc2 e3 14. Re1 Ng4
15. f3 Nf6 16. Nf1 Nd5 17. Be4 Bc6 18. Bxd5 Bxd5 19. Nxe3 Bc6 20. Qd2 Qg5 21.
Nc4 Qg6 22. Qf2 b5 23. Nd2 a3 24. b3 Rac8 25. Rac1 h6 26. c4 bxc4 27. Nxc4 Bd5
28. Nxa3 Ra8 29. Nc4 Rfb8 30. Ne3 Be6 31. Rc7 Qg5 32. Rec1 Kh7 33. R7c6 d5 34.
R6c5 Rb6 35. g4 Rba6 36. a4 Rb6 37. R1c3 Rab8 38. h3 Rxb3 39. f4 Qe7 40. Rxb3
Rxb3 41. Nxd5 Bxd5 42. Rxd5 Qb4 43. Re5 Rb1+ 44. Kg2 Qxa4 45. Qc2+ Qxc2+ {
Normal} 0-1

[Event "Rated Blitz tournament KUQl1zZI"]
[Site "?"]
[Date "2021.07.23"]
[Round "?"]
[White "muhammadrizkyakhbar"]
[Black "Chandra_PW"]
[Result "1/2-1/2"]
[WhiteElo "2279"]
[BlackElo "2487"]
[PlyCount "175"]
[EventDate "2021.??.??"]
[EventType "blitz"]

1. e4 e5 2. Nf3 d5 3. d4 dxe4 4. Nxe5 Nd7 5. Nxd7 Bxd7 6. Nc3 Nf6 7. Bg5 Bb4 8.
Bc4 c6 9. O-O Bxc3 10. bxc3 O-O 11. Re1 Bf5 12. Rb1 b5 13. Bb3 Qd6 14. Bh4 Nd5
15. Qd2 a6 16. Bg3 Qg6 17. c4 bxc4 18. Bxc4 Rfe8 19. Rb7 h5 20. h4 Be6 21. Be5
a5 22. Bf1 a4 23. c4 Ne7 24. Qf4 f6 25. Bd6 Nf5 26. Bc5 e3 27. fxe3 Ng3 28. Bd3
Qg4 29. Qxg4 hxg4 30. Kf2 Nf5 31. g3 Nh6 32. e4 Nf7 33. Reb1 Red8 34. Re7 Bc8
35. Ke3 Nd6 36. Rc7 Nf7 37. Rxc6 Re8 38. Rc7 Nd8 39. Rb6 Ne6 40. Re7 Rxe7 41.
Bxe7 Kf7 42. Bd6 a3 43. c5 Ra4 44. d5 Nd4 45. Rb8 Bd7 46. c6 Nxc6 47. dxc6 Bxc6
48. Rb6 Bd7 49. Rb7 Ke6 50. Bc5 f5 51. Rxd7 fxe4 52. Rd6+ Ke5 53. Rd4 Ra5 54.
Rxe4+ Kd5 55. Bb4 Ra7 56. Rxg4 Ke6 57. Rd4 Kf6 58. Re4 g6 59. Bc3+ Kf7 60. Bc4+
Kf8 61. Kd3 Rd7+ 62. Rd4 Rc7 63. Bb4+ Kg7 64. Re4 Rd7+ 65. Rd4 Rc7 66. Bc3 Kh6
67. Rd5 Re7 68. Bd2+ Kg7 69. Bc3+ Kh6 70. Re5 Rd7+ 71. Bd5 Rc7 72. Bd4 Rc1 73.
Ke4 Re1+ 74. Be3+ Kg7 75. Re7+ Kf6 76. Re5 Kg7 77. Re6 Kf8 78. Kf3 Rf1+ 79. Ke2
Ra1 80. Re4 Rxa2+ 81. Bxa2 Kg7 82. Ra4 Kf6 83. Rxa3 Kg7 84. Kf3 Kf6 85. Ra6+
Kg7 86. Bb1 Kh7 87. Rxg6 Kh8 88. Rg4 {Normal} 1/2-1/2

[Event "Rated Rapid game"]
[Site "?"]
[Date "2021.07.23"]
[Round "?"]
[White "Telimir"]
[Black "Baris_AE"]
[Result "1-0"]
[WhiteElo "2281"]
[BlackElo "2455"]
[PlyCount "55"]
[EventDate "2021.??.??"]
[EventType "rapid"]

1. e4 e5 2. Nf3 d5 3. exd5 e4 4. Qe2 Nf6 5. d3 Qxd5 6. Nbd2 Be7 7. dxe4 Qa5 8.
c3 O-O 9. e5 Nd5 10. Qe4 g6 11. Nb3 Nxc3 12. Qc4 Qa4 13. bxc3 Qe8 14. Bh6 Be6
15. Qxc7 Na6 16. Bxa6 bxa6 17. Bxf8 Bxf8 18. O-O Rc8 19. Qxa7 Rxc3 20. Ng5 Bc4
21. Qd4 Rc2 22. Rac1 Bxf1 23. Rxc2 Bb5 24. Rc7 Be7 25. e6 f6 26. Qa7 Qd8 27.
Nd4 fxg5 28. Rxe7 {Normal} 1-0

[Event "Rated Blitz game"]
[Site "?"]
[Date "2021.07.23"]
[Round "?"]
[White "Stale_Bread0"]
[Black "Fantastic_power06"]
[Result "0-1"]
[WhiteElo "2797"]
[BlackElo "2768"]
[PlyCount "98"]
[EventDate "2021.??.??"]
[EventType "blitz"]

1. e4 e5 2. Nf3 d5 3. exd5 e4 4. Qe2 Nf6 5. d3 Qxd5 6. Nc3 Bb4 7. Bd2 Bxc3 8.
Bxc3 O-O 9. Ne5 Nc6 10. Nxc6 Qxc6 11. Bxf6 Qxf6 12. O-O-O exd3 13. Rxd3 Be6 14.
a3 Bc4 15. Qf3 Bxd3 16. Qxf6 gxf6 17. Bxd3 Rfe8 18. Kd2 Rad8 19. b4 Rd4 20. Kc3
Rd6 21. Kd2 a6 22. h4 h6 23. Rh3 Kf8 24. Rf3 Re4 25. g3 Red4 26. Kc3 b5 27. Rf5
R4d5 28. Rf4 c5 29. bxc5 Rxc5+ 30. Kb2 a5 31. Kb3 Re5 32. Kb2 Rb6 33. Kc3 Ke7
34. Kb3 Ke6 35. Kc3 Re1 36. Kb2 b4 37. a4 Rd1 38. Rd4 Ke7 39. Rd5 Rd2 40. Kb3
Ra6 41. Rf5 Ra7 42. Kb2 Ke6 43. Rf4 Rc7 44. Bc4+ Ke5 45. Bb3 f5 46. Bc4 Rd4 47.
Rxd4 Kxd4 48. Bd3 f4 49. gxf4 Rc3 {Normal} 0-1

[Event "Rated Rapid game"]
[Site "?"]
[Date "2021.07.23"]
[Round "?"]
[White "GigGig"]
[Black "MasumHamleler16"]
[Result "1-0"]
[WhiteElo "2406"]
[BlackElo "2252"]
[PlyCount "45"]
[EventDate "2021.??.??"]
[EventType "rapid"]

1. e4 e5 2. Nf3 d5 3. Nxe5 Bd6 4. d4 dxe4 5. Bc4 Bxe5 6. Qh5 Qe7 7. Qxe5 Qxe5
8. dxe5 Nc6 9. Nc3 Nxe5 10. Bb3 Bf5 11. Bf4 f6 12. O-O-O Ne7 13. Nb5 Rc8 14.
Nxa7 Ra8 15. Nb5 Rc8 16. Rhe1 N7c6 17. Bd5 Ke7 18. f3 exf3 19. Bxc6 bxc6 20.
Nd4 Bd7 21. Nxf3 Rhd8 22. Bxe5 fxe5 23. Nxe5 {Normal} 1-0